La Participación ciudadana en la vida de las ciudades / Fernando Pindado Sánchez
ISBN:
84-7628-280-X
Descripción Física:
198 p. ; 24 cm + 1 CD-ROM
Colección:
Res pública ; 3
MARC
| LEADER | 00000nam a2200000Ia 4500 | ||
|---|---|---|---|
| 001 | 12434 | ||
| 008 | 160829s2000 xx 000 0 cat d | ||
| 020 | |a 84-7628-280-X | ||
| 080 | |a M-1-262 | ||
| 100 | |a Pindado Sánchez, Fernando |9 47630 | ||
| 245 | |a La Participación ciudadana en la vida de las ciudades / Fernando Pindado Sánchez | ||
| 260 | |a Barcelona : |b Diputació de Barcelona. Patronat. Flor de Maig : |b Ediciones del Serbal, |c 2000 | ||
| 300 | |a 198 p. ; |c 24 cm + 1 CD-ROM | ||
| 490 | |a Res pública ; 3 | ||
| 590 | |a El CD-ROM conté la reproducció facsímil de les normes reguladores de la participació ciutadana dels municipis objecte de l'estudi i una anàlisi de les mateixes. | ||
| 590 | |a Hi ha un exemplar en català amb R. 17629 | ||
| 650 | |a Voluntariat |9 42166 | ||
| 650 | |a Associacionisme |x Barcelona (Província) |9 31697 | ||
| 650 | |a Participació social |x Barcelona (Província) |9 31698 | ||
| 710 | 1 | |a Barcelona (Catalunya : Província). |b Diputació |9 52408 | |
| 901 | |a Arxiu | ||
| 942 | |n 1 | ||
| 952 | |0 0 |1 0 |4 0 |6 M1262 |7 1 |9 45728 |a Arxiu |b Arxiu |d 2016-12-01 |l 0 |o M-1-262 |p 12434 |r 2016-12-01 00:00:00 |w 2016-12-01 |y ARXIU | ||
| 999 | |c 49228 |d 49228 | ||